| 000 | 00699nam a22002057a 4500 | ||
|---|---|---|---|
| 001 | 71506 | ||
| 003 | BD-RjUL | ||
| 005 | 20211209082126.0 | ||
| 008 | 170504r19901970bg ||||| |||| 00| 0 ben d | ||
| 035 | _a(BD-RjUL)71722 | ||
| 040 |
_aBD-RjUL _bben _cBD-RjUL |
||
| 041 | _aben | ||
| 082 |
_223 _a410 _bBHA 1990 |
||
| 245 | 0 | 0 | _aভাষাতত্ত্ব পরিভাষাকোষ = [Terminology of Linguistics]. |
| 260 |
_aঢাকা : _bবাংলা একাডেমী, _c১৯৭০ [মুদ্রণ ১৯৯০]. |
||
| 300 |
_a২৩ পৃ. ; _c২২ সেমি. |
||
| 650 |
_aভাষাতত্ত্ব _9211545 |
||
| 650 |
_aLinguistics _9211546 |
||
| 942 |
_2ddc _cBK |
||
| 999 |
_c71506 _d71506 |
||